Statistics for Saint Subdivisions of the Caribbean

Click here to take the quiz!

General Stats

  • This quiz has been taken 404 times
  • The average score is 12 of 20

Answer Stats

CountriesSubdivision% Correct
Antigua and Barbuda, Barbados, Dominica, GrenadaSaint John
88%
JamaicaSaint Ann
80%
Antigua and Barbuda, Barbados, Dominica, Grenada, Saint Vincent and the GrenadinesSaint George
79%
Antigua and Barbuda, JamaicaSaint Mary
74%
Antigua and Barbuda, Barbados, DominicaSaint Peter
73%
Antigua and Barbuda, DominicaSaint Paul
70%
Barbados, Dominica, Grenada, Jamaica, Saint Vincent and the GrenadinesSaint Andrew
68%
Saint Kitts and NevisSaint Kitts
66%
Barbados, JamaicaSaint James
64%
Dominica, GrenadaSaint Mark
63%
Dominica, Grenada, Saint Vincent and the GrenadinesSaint Patrick
55%
Barbados, JamaicaSaint Thomas
55%
Dominica, Grenada, Saint Vincent and the GrenadinesSaint David
54%
DominicaSaint Luke
53%
Barbados, DominicaSaint Joseph
52%
JamaicaSaint Elizabeth
46%
BarbadosSaint Michael
45%
Antigua and Barbuda, BarbadosSaint Philip
42%
BarbadosSaint Lucy
41%
JamaicaSaint Catherine
40%

Score Distribution

Percentile by Number Answered

Percent of People with Each Score

Your Score History

You have not taken this quiz